000 00362nam a22001337a 4500
003 OSt
005 20240402154317.0
008 240402b |||||||| |||| 00| 0 eng d
040 _cCentral Library MRSPTU
100 _aB.S. Rattan
245 _aRett Par Rakaye (रेत पर रेखाऎँ)
260 _aPatiala
_bBatween Lineas
_c2018
942 _2ddc
_cBK
_n0
999 _c9934
_d9934